书目信息 |
| 题名: |
台基
|
|
| 作者: | 侯幼彬 撰文 ;张振光 摄影 | |
| 分册: | ||
| 出版信息: | 北京 中国建筑工业出版社 2016.11 |
|
| 页数: | 95页 | |
| 开本: | 21cm | |
| 丛书名: | 筑境 中国精致建筑100 | |
| 单 册: | ||
| 中图分类: | TU-092.2 | |
| 科图分类: | ||
| 主题词: | 古建筑--建筑艺术--中国--图解 | |
| 电子资源: | ||
| ISBN: | 978-7-112-15730-3 | |
| 000 | 00919oam2 2200265 450 | |
| 001 | 0100004116 | |
| 005 | 20190305153819.34 | |
| 010 | @a978-7-112-15730-3@dCNY48.00 | |
| 100 | @a20170504d2016 em y0chiy50 ea | |
| 101 | 0 | @achi |
| 102 | @aCN@b110000 | |
| 105 | @aabk z 000yy | |
| 200 | 1 | @a台基@Atai ji@f侯幼彬撰文@g张振光等摄影 |
| 210 | @a北京@c中国建筑工业出版社@d2016.11 | |
| 215 | @a95页@c图,地图@d21cm | |
| 225 | 2 | @a筑境 中国精致建筑100 |
| 308 | @a版权页丛书名题:中国精致建筑100 | |
| 330 | @a本书以简要文字和大量精美图片,宣传、介绍了佛山东华里的地理位置、历史演变、自然景观、人文景观、建筑结构、民居特色、名人轶事及社会影响等。 | |
| 410 | 0 | @12001 @a筑境 中国精致建筑100 |
| 606 | 0 | @a古建筑@x建筑艺术@y中国@j图解 |
| 690 | @aTU-092.2@v5 | |
| 701 | 0 | @a侯幼彬@Ahou you bin@4撰文 |
| 702 | 0 | @a张振光@Azhang zhen guang@4摄影 |
| 801 | 0 | @aCN@c20171024 |
| 905 | @a河南城建学院图书馆@dTU-092.2@eH435 | |
| 台基/侯幼彬撰文/张振光等摄影.-北京:中国建筑工业出版社,2016.11 |
| 95页:图,地图;21cm.-(筑境 中国精致建筑100) |
| ISBN 978-7-112-15730-3:CNY48.00 |
| 本书以简要文字和大量精美图片,宣传、介绍了佛山东华里的地理位置、历史演变、自然景观、人文景观、建筑结构、民居特色、名人轶事及社会影响等。 |
| ● |
| 相关链接 |
|
|
|
正题名:台基
索取号:TU-092.2/H435
 
预约/预借
| 序号 | 登录号 | 条形码 | 馆藏地/架位号 | 状态 | 备注 |
| 1 | 1304895 | 213048959 | 建筑库101/101建筑库 6排3列4层/ [索取号:TU-092.2/H435] | 在馆 | |
| 2 | 1338664 | 213386646 | 建筑库101/101建筑库 6排3列4层/ [索取号:TU-092.2/H435] | 在馆 | |
| 3 | 1338665 | 213386655 | 建筑库101/101建筑库 6排3列4层/ [索取号:TU-092.2/H435] | 在馆 |